Theorizing A New Agenda for Architecture an anthology of theory architecture An anthology of architectural theory 1965-1995 (Record no. 6077)

000 -LEADER
fixed length control field 00367nam a2200109Ia 4500
008 - FIXED-LENGTH DATA ELEMENTS--GENERAL INFORMATION
fixed length control field 200302s9999 xx 000 0 und d
100 ## - MAIN ENTRY--PERSONAL NAME
Personal name Kate Nesbitt ed.,
245 ## - TITLE STATEMENT
Title Theorizing A New Agenda for Architecture an anthology of theory architecture An anthology of architectural theory 1965-1995
260 ## - PUBLICATION, DISTRIBUTION, ETC.
Name of publisher, distributor, etc. Princeton Architectural Press
260 ## - PUBLICATION, DISTRIBUTION, ETC.
Date of publication, distribution, etc. 1996
300 ## - PHYSICAL DESCRIPTION
Extent 606
Holdings
Withdrawn status Lost status Damaged status Not for loan Permanent Location Current Location Date acquired Cost, normal purchase price Total Checkouts Full call number Barcode Date last seen Date last checked out Price effective from Koha item type
        BMS College of Architecture, Design and Planning BMS College of Architecture, Design and Planning 2020-03-03 3650.00 1 720.1 AR-PG174 2022-01-10 2022-01-07 2020-03-03 PG Books
Copyright © 2025, The Librarian, Library and Information Centre, BMSCA D&P, Bengaluru. All Rights Reserved
web counter

Powered by Koha